| 000 | 00961nam a22002177a 4500 | ||
|---|---|---|---|
| 999 |
_c7660 _d7660 |
||
| 003 | AR-CdUCM | ||
| 008 | 190321b ||||| |||| 00| 0 spa d | ||
| 020 | _a 84-376-0098-7 | ||
| 040 |
_aMUNICIPALIDAD PROVINCIAL DEL CUSCO _cBIBLIOTECA MUNICIPAL DEL CUSCO |
||
| 082 |
_22 ed. _a401 / _bS31 |
||
| 100 |
_aSchmidt, Siegfried _921632 |
||
| 245 |
_aTeoria del texto : _bProblemas de una lingüística de la comunicación verbal / |
||
| 260 |
_aMadrid : _bCátedra, _c1973. |
||
| 300 |
_a188 paginas ; _c21 cm. |
||
| 505 | _aContenido : Teoría del texto como nueva perspectiva lingüística -- Motivaciones de una teoría del texto en el campo de las investigaciones precedentes de la lingüística pragmática -- Concepto propio y labor de la lingüística pragmática anterior como teoría parcial de la lingüística ... | ||
| 650 |
_aTeoría _95077 |
||
| 650 |
_aLingüística _91640 |
||
| 650 |
_aComunicación _94985 |
||
| 942 |
_2ddc _cLIBROS |
||
| 945 | _arah | ||